000 00557cam a22002177a 4500
001 000660
003 armpunfd
005 20140612090617.0
008 011019e1957####xx#a##########000#0#und#d
040 _aarmpunfd
_carmpunfd
080 _a351.74 F 512
100 1 0 _a Fiorini, Bartolome A
245 1 0 _aPoder de policia
260 _a Buenos Aires
_b Alfa
_c1957
300 _a356p.
650 7 _a Poder Policial
_2LEMB
650 7 _a Policia
_2LEMB
650 7 _a Responsabilidad Policial
_2LEMB
942 _cLB
_2cdu
945 _aCatalis
_d2010-08-19
999 _c651
_d231155